000 00697nam a2200241Ia 4500
005 20250425161750.0
008 250425s9999 xx 000 0 und d
041 _aspa
082 _a630.7152
100 _aARÉVALO VIZCAÍNO, VENUS
245 0 _aANÁLISIS DE GÉNERO EN LA INVESTIGACIÓN Y TRANSFERENCIA DE TECNOLOGÍAS MEJORADAS EN LOS SISTEMAS DE PRODUCCIÓN AGRÍCOLA
250 _a1A ED.
260 _aEcuador
_bCORPOINIAP
_c1995
260 _aQUITO
300 _a62
650 _aAGRICULTURA REGIONAL
650 _aDESARROLLO AGRICOLA
650 _aECONOMIA AGRICOLA
650 _aORGANIZACION DE MUJERES
650 _aPRODUCCION AGRICOLA
942 _c01
010 _a28232
999 _c215700
_d215700